MDQL
is popping MORE tags! Check the
thread
!
Quizzes
Events
Quiz Creation
Community
Videos
Private Events
Remove Ads
Sign In
Join for FREE
Feedback
Dark Mode
Quiz Categories
Sports
Geography
Music
Movies
Television
Just For Fun
Miscellaneous
History
Literature
Language
Science
Gaming
Entertainment
Religion
Holiday
For Kids
Quiz Lab
Recent
Popular Today
Quiz Kudos Today
Editor Picks
Curator Picks
Quizzes by...
Day
Popularity
Type
Ratings
Length
Year
Community
Subscriptions
Recent Discussions
Orange Saloon
Badges
Playlists
Quests
Create
Leaderboards
Showdown
Live 5
Trivia Bingo
Activity
Puzzle Library
Sporcle Events
Private Events
Virtual Trivia
Globe League
Become a Host
Pub Owners
SporcleCon
Opinionation
Our Games
Videos
Blog
Mobile Apps
Partnerships
Remove Ads and Go Orange
Feedback
Movies
Disney
Marvel Cinematic Universe
Movie Resume
Movie Titles
Oscar
Actor
Actress
Director
Pixar
Role
Movie Quotes
Movie Characters
Box Office
Nominee
Best Picture
Star Wars
James Bond
Horror Movies
Movies
Disney
Marvel Cinematic Universe
Movie Resume
Movie Titles
Oscar
Actor
Actress
Director
Pixar
Role
Movie Quotes
Movie Characters
Box Office
Nominee
Best Picture
Star Wars
James Bond
Horror Movies
Random Quiz
Search Sporcle
×
Quiz Lab
Quiz Lab
Movies
Quote
Type in answers that appear in a list
Type in answers that appear in a list
Classic
Best Score? Go Orange.
Movies by Quotes Stats
Can you name the Movies by Quotes?
By
thundar15
10m
35 Questions
423 Plays
423 Plays
423 Plays
Comments
Comments
Give Quiz Kudos
Give Quiz Kudos
-
- Ratings
hide this ad
Random Order
Randomize order of answers
Randomize order of answers
Replay
Link that replays current quiz
Next Quiz
Link to next quiz in quiz playlist
You Got
0%
They Got
Avg Score
22%
Avg Friend Score
Upgrade to see
Score Distribution
Jump to the score distribution portion of the page
Score
0/35
Timer
10:00
0
Plays Today
Quote
Film Title
% Correct
'Say hello to my little friend'
Scarface
72.8%
'Adrian!!!'
Rocky
71.6%
'Hello Clarice...'
Silence of the Lambs
70%
'Make Breakfast and eat hardy for tonight we dine in hell!'
300
58.2%
'Remember, Remember the 5th of November, the gun powder treason and plot, I see no reason why the gun powder treason should ever be forgot'
V for Vendetta
52.2%
'Bring out you dead!''
Monty Python and the Holy Grail
40.7%
'Oxygen gets you high. In a catastrophic emergency, you're taking giant panicked breaths. Suddenly you become euphoric, docile. You accept your fate. It's all right here. Emergency
Fight Club
36.9%
'Sometimes you have to introduce a little anarchy...'
The Dark Knight
36.2%
'Me I'm dishonost, and a dishonost man you can always trust to be dishonost. Honostly it's the honost ones you have to watch out for because you never can tell when they're going t
Pirates of the Caribbean
28.8%
'There are over 550 million firearms in worldwide circulation. That's one firearm for every twelve people on the planet. The only question is: How do we arm the other 11?'
Lord of War
26.2%
'You're like... a horrible person. Like all the way through to your core.'
The Hangover
24.6%
'Oh you mean cumming, cumming'
Superbad
23.9%
'I was hiding under your porch... because I love you...'
Up
21.7%
'I have a dream, that white people and black people and even Chinese people can gamble together without getting different colored chips.'
Rush Hour 2
21%
If I put clothes on then I know that its over'
Forgetting Sarah Marshall
20.8%
'When the F**k did we get ice cream?'
The Ringer
18.2%
'Hello? 911 emergency. My car's been stolen! I'm in pursuit! I need the whole squadron, bring everyone! No, no don't ask any questions, my father's the head of the neighbourhood wa
Transformers
15.6%
'What happens if a car comes?' -
'We die'
The Notebook
15.6%
Quote
Film Title
% Correct
'If you hear that you just run straight on over to the grocery store and get yourself some ribs and some ice cream cuz you my friend have been dumped.'
He's Just not that into You
15.4%
'When I'm ready, I'm going to walk straight out that front door'
Inside Man
13.2%
'Do you go by Margaret or Devil's mistress because we've heard it both ways.'
The Proposal
13%
-
'Ooh and you can call him in the middle of the night and tell him everything you had to eat that day.' -
'What's wrong with that?'
How to Lose a Guy in Ten Days
9.2%
'Get some sleep, you look tired.'
Bourne Supremacy
9%
'I feel like I just found out that my favorite love song was written about a sandwich'
27 Dresses
7.6%
'I fell asleep in my s**t hole apartment and woke up in an actual s**t hole!'
Saw
6.6%
'Shh! Can't you see you're insulting the freaks! Now tell me... who the heck are you?'
Madagascar
6.6%
'We got a winner, I said we got a winner, we got a winner! Our next winner is that delightful personality, straight from Brighton beach Brooklyn, Please give a juicy welcome to...'
Requiem for a Dream
6.1%
'Welly, welly, welly, welly, welly, welly, well. To what do I owe the extreme pleasure of this surprising visit?'
A Clockwork Orange
6.1%
-
'You are the most selfish person in the entire world.' -
'Now don't be silly...have you met everyone in the whole world?'
Two Weeks Notice
5.7%
'Does making a man a knight make him a better fighter?' 'Yes'
Kingdom of Heaven
5%
'If I could kill someone with my mind... it would be you.'
What Happens in Vegas
4.5%
'He has to go visit Grandma'
Sex Drive
3.8%
'We have some good news and some bad news. The good news that we'll be landing immediately. The bad news is... it's a crash landing!'
Madagascar: Escape 2 Africa
3.3%
'There's going to be more shooting, more people are going to die. I didn't start it, but I mean to see it through.'
Shooter
2.8%
'Jack likes ass crack and ball sack'
Four Brothers
2.4%
Quiz Playlist
Details
Report
Send in Message
Add To Playlist
Classic:
Type in answers that appear in a list
Random Order:
Randomize order of answers
Last Updated: Feb 16, 2017
Quiz Scoreboard
CHALLENGE
Sign Up to Join the Scoreboard
Show All
Scores
Hide
Comments
May contain spoilers
Recently Published
Holiday 10x10 Sorting Gallery
by lukepisani3
Holiday
15m
Two Season TV Shows II
by 123Four
Television
10m
Image Sorting: Flags VI
by Barbecue
Geography
2m
More to Explore
Quiz From the Vault
Featured Blog Post
14 Easter Pick-up Lines to Find Eggs With
hide this ad
You Might Also Like...
Tags
Quote Quiz
Today's Top Quizzes in Movies
Browse Movies
hide this ad
Today's Top Quizzes in Quote
Browse Quote
Top Contributed Quizzes in Movies
1
The ultimate James Bond movie quiz
2
Find The 'Big' Movie
3
Find The 'Wild' Movie
4
Find The 'Blue' Movie
5
Movies By Plot
6
Hidden Star Wars Character II
7
Hidden Star Wars Character III
8
25 Best Actor Nominees (1990s)
9
Hidden Star Wars Character IV
10
Pick 5 Posters: Directed by Spielberg
Explore More
Trending Topics
Disney
NBA
Kpop
Harry Potter
Crossword
Anime
Marvel
Country
NFL
Pokémon
Song
Soccer
Puzzle
WWE
The Office
hide this ad
More By:
thundar15
Quiz
Plays
Rating
Category
Featured
Created
'Bones' Characters
1,062
2.50
Television
Jan 26, 2010
Movies by Quotes
423
1.00
Movies
Jan 26, 2010
Go to Creator's Profile
Score Distribution
Quiz Creator Spotlight
thundar15
Follow
Send a Message
Quizzes Created
-
Created Quiz Play Count
-
More By This Creator
Popular Quizzes Today
1
Find the US States - No Outlines Minefield
2
Colored Red Africa Blitz
3
Find the 'City' Movie
4
The Countries of the World
5
5x2 Blitz: Bands
6
Find the Countries of Europe - No Outlines Minefield
7
Find the US States
8
US States
More Movies Quizzes
Missing Word: 100 Sports Terms in Movie Titles
Quiz Lab
Trending Quizzes
Colored Red Europe Blitz I
Colored Red Africa Blitz II
Colored Red Europe Blitz II
Even More Two Season TV Shows
Colored Red Africa Blitz III
Recently Updated
Quick Pick: 20 Twenties
pecheneg
March Madness Men's Triple Doubles
pecheneg
How Do You Spell That?
pecheneg
Godzilla Movies
pecheneg
Grab Bag: 4-10 Letters
pecheneg
2024 March Madness Bracket
pecheneg
Famous TV Couples
Peacemaker
Champions League XIs: Real Madrid
pecheneg
Largest US Cities 1790-2010
pecheneg
Rides in Walt Disney World
pecheneg
Trending Topics
Marvel
Harry Potter
Anime
Kpop
Crossword
Disney
NBA
NFL
Song
The Office
Pokémon
Puzzle
Soccer
Country
WWE
Your Account Isn't Verified!
In order to create a playlist on Sporcle, you need to verify the email address you used during registration. Go to your
Sporcle Settings
to finish the process.
Report this User
Report this user for behavior that violates our
Community Guidelines
.
Details:
Send Report
Go to the Sporcle.com Mobile Site →
Comments